| 000 | 00766 a2200229 4500 | ||
|---|---|---|---|
| 010 | _aENG-85601 | ||
| 020 |
_c700.00 _a8183900097 |
||
| 035 | _aEN-69134 | ||
| 037 | _bD.B.Act / Pub | ||
| 082 | 1 | 4 | _a230.1 |
| 090 |
_c3222 _d3222 |
||
| 100 | 1 | _aTulsidas, Goswami | |
| 245 | 1 |
_aGoswami Tulsidas' Vinai-Patrika _ccompiled and translated by Ajai Kumar Chhawchharia |
|
| 260 |
_aDelhi _bAbhishek Prakashan _c2005 |
||
| 270 |
_a5824, New Chandrawal Nagar, Jawahar Nagar _bDelhi _cDelhi _e110007 _k55175190 |
||
| 300 |
_axii, 436 p. _c22cm (Hb) |
||
| 500 | _aIncludes index. | ||
| 650 | _aRamayana | ||
| 700 | _aChhawchharia, Ajai Kumar | ||
| 942 |
_adpl _cEN _k230.1 / GOS |
||
| 999 |
_c3160 _d3160 |
||